| 000 | 00446nam a22001457a 4500 | ||
|---|---|---|---|
| 082 | _aP679 | ||
| 100 |
_aMuhammad mehmood masood syn#22 _950949 |
||
| 245 | _aRoad safety audit of risalpur cantonment and traffic simulation using PTV vissim | ||
| 260 |
_aRisalpur, _bMCE, _c2016. |
||
| 300 | _a56p. | ||
| 526 |
_a0 _b0 _c0 _dP_679_000000000000000 |
||
| 526 |
_a0 _b0 _c0 _dP_679_000000000000000 |
||
| 700 |
_aLt Col Dr Anwar _950950 |
||
| 942 |
_2ddc _cBK |
||
| 999 |
_c553703 _d553703 |
||